Cambodia 2040 : (Record no. 7)

MARC details
000 -LEADER
fixed length control field 01342nam a22002773i 4500
001 - CONTROL NUMBER
control field 21825507
003 - CONTROL NUMBER IDENTIFIER
control field OSt
005 - DATE AND TIME OF LATEST TRANSACTION
control field 20251001103928.0
008 - FIXED-LENGTH DATA ELEMENTS--GENERAL INFORMATION
fixed length control field 201130s2019 cb 000 0 eng
010 ## - LIBRARY OF CONGRESS CONTROL NUMBER
LC control number 2020306852
020 ## - INTERNATIONAL STANDARD BOOK NUMBER
International Standard Book Number 9781938141034
040 ## - CATALOGING SOURCE
Original cataloging agency DLC
Language of cataloging eng
Description conventions rda
Transcribing agency DLC
082 ## - DEWEY DECIMAL CLASSIFICATION NUMBER
Classification number 320.9596
100 ## - MAIN ENTRY--PERSONAL NAME
Personal name Din, Darathtey
245 00 - TITLE STATEMENT
Title Cambodia 2040 :
Remainder of title culture and society /
260 ## - PUBLICATION, DISTRIBUTION, ETC.
Place of publication, distribution, etc. Phnom Penh :
Name of publisher, distributor, etc. Konrad Adenauer Stiftung,
Date of publication, distribution, etc. 2015.
300 ## - PHYSICAL DESCRIPTION
Extent 225 pages :
Dimensions 26 cm.
336 ## - CONTENT TYPE
Content type term text
Content type code txt
Source rdacontent
337 ## - MEDIA TYPE
Media type term unmediated
Media type code n
Source rdamedia
338 ## - CARRIER TYPE
Carrier type term volume
Carrier type code nc
Source rdacarrier
520 ## - SUMMARY, ETC.
Summary, etc. The second volume of this series sets out to paint a picture of the future of Cambodian culture and society in the year 2040 with authors such as Ms. Din Darathtey, Mr. Harry Catherine, Ms. Nhek Pichponreingsey, Mr. Khoun Theara, Mr. Sun Chhai, Ms. Hoy Sokkea, Mr. Soeung Sophat, Mr. You Sokunpanha and Mr. Chhorn Theara. The topics of gender equality, education, health, food, media, tourism, and many others are covered in this outing with the projection of possible future scenarios and constructive recommendations that will guide Cambodia to meet its goals in the next two decades.
546 ## - LANGUAGE NOTE
Language note In English.
650 ## - SUBJECT ADDED ENTRY--TOPICAL TERM
Topical term or geographic name entry element Culture and Society
906 ## - LOCAL DATA ELEMENT F, LDF (RLIN)
a 7
b acq
c acqwork
d u
e ncip
f 20
g z-acqworks
942 ## - ADDED ENTRY ELEMENTS (KOHA)
Source of classification or shelving scheme Library of Congress Classification
Koha item type Books
Suppress in OPAC No
Holdings
Withdrawn status Lost status Source of classification or shelving scheme Damaged status Not for loan Collection Home library Current library Shelving location Date acquired Total Checkouts Full call number Barcode Date last seen Copy number Price effective from Koha item type
    Library of Congress Classification     Non-Fiction Footprints International School Library Network Toul Kork Campus Footprints International School Library Network Toul Kork Campus A TK Campus, 4th Floor, Room B401, Non-Fiction Bookcases(7-8) 01/03/2023   DIN 320.9596 2023-0001 10/02/2023 1 01/03/2023 Books